000 00937nas a2200277 4500
001 BR0204762
003 BR-BrBNA
005 20231205103244.0
007 ta
008 230509b bl.|||p| |||| 00| 00por d
040 _aBR-BrBNA
_bpor
_cBiblioteca Nacional de Agricultura
041 _a(Pt)
072 _aK70
100 1 _aSilva, J.C. da
100 1 _aFiedler, N.C.
100 1 _aSilva, G.F. da
245 1 _aUso da fórmula de Monte Alegre na determinação dos períodos críticos de ocorrência de incêndios florestais na área de proteção ambiental do Gama Cabeça-de-Veado, Brasília-DF
650 _aFLORESTA
650 _aINCÊNDIO FLORESTAL
650 _aRESERVA FLORESTAL
650 _aPROTEÇÃO AMBIENTAL
650 _aDISTRITO FEDERAL
773 0 _tBrasil Florestal (Brazil)
_xISSN 0045-270X
_g(Nov 2001), v. 20(72) p. 29-36
_wBR0204762
909 _a202311
_bLúcia
_c55
_dLúcia Elande
942 _2AGRIS
_n0
_cANA
999 _c171909
_d171909